Sistema diédrico / (Registro nro. 458)
[ vista simple ]
| 000 -LEADER | |
|---|---|
| fixed length control field | 01053nam a2200253Ia 4500 |
| 003 - CONTROL NUMBER IDENTIFIER | |
| control field | PE SENCICO BE |
| 005 - DATE AND TIME OF LATEST TRANSACTION | |
| control field | 20251020182438.0 |
| 008 - FIXED-LENGTH DATA ELEMENTS--GENERAL INFORMATION | |
| fixed length control field | 200515s9999 xx 000 0 und d |
| 020 ## - INTERNATIONAL STANDARD BOOK NUMBER | |
| International Standard Book Number | 84-283-1939-1 |
| 040 ## - CATALOGING SOURCE | |
| Original cataloging agency | PE SENCICO BE |
| Transcribing agency | PE SENCICO BE |
| 041 ## - LANGUAGE CODE | |
| Language code of text/sound track or separate title | spa |
| 082 ## - DEWEY DECIMAL CLASSIFICATION NUMBER | |
| Classification number | 516.352 |
| Item number | F39 |
| 100 1# - MAIN ENTRY--PERSONAL NAME | |
| Personal name | Ferrer Muñoz, José Luis |
| 9 (RLIN) | 3197 |
| Relator term | autor |
| 245 10 - TITLE STATEMENT | |
| Title | Sistema diédrico / |
| Statement of responsibility, etc. | José Luis Ferrer Muñoz |
| 250 ## - EDITION STATEMENT | |
| Edition statement | 5a ed. |
| Remainder of edition statement | 2a reimp. |
| 260 ## - PUBLICATION, DISTRIBUTION, ETC. | |
| Place of publication, distribution, etc. | Madrid : |
| Name of publisher, distributor, etc. | Thomson ; |
| Date of publication, distribution, etc. | 1982 |
| 300 ## - PHYSICAL DESCRIPTION | |
| Extent | 172 páginas : |
| Other physical details | ilustraciones, gráficos ; |
| Dimensions | 26 cm. |
| 490 ## - SERIES STATEMENT | |
| Series statement | Diseño y proyecto 1 |
| 505 0# - FORMATTED CONTENTS NOTE | |
| Formatted contents note | Introducción al sistema -- Representación y tipología de elementos básicos: punto, recta, plano -- Intersección entre rectas y planos -- Relaciones de posición: paralelismo, perpendicularidad -- Métodos: abatimiento, giros, cambios de plano -- Distancias -- Ángulos: obtener, condicionar |
| 650 10 - SUBJECT ADDED ENTRY--TOPICAL TERM | |
| Topical term or geographic name entry element | Geometría proyectista |
| 9 (RLIN) | 3198 |
| 650 20 - SUBJECT ADDED ENTRY--TOPICAL TERM | |
| Topical term or geographic name entry element | Representación gráfica |
| 9 (RLIN) | 3199 |
| 650 20 - SUBJECT ADDED ENTRY--TOPICAL TERM | |
| Topical term or geographic name entry element | Geometría plana |
| 9 (RLIN) | 1020 |
| 942 ## - ADDED ENTRY ELEMENTS (KOHA) | |
| Koha item type | Libros |
| Source of classification or shelving scheme | Dewey Decimal Classification |
| Fecha de la última vez que lo usaron | Número de ingreso o de inventario | Pago total | Signatura topográfica completa | Código de barras | Precio efectivo desde | Tipo de documento | Estado perdido | Sistema de clasificación | Estado dañado | No es para préstamo | Retirado | Ubicación permanente | Ubicación actual | Fecha de adquisición |
|---|---|---|---|---|---|---|---|---|---|---|---|---|---|---|
| 15/05/2020 | 13707 | 516.352/F39 | BibLima25070016 | 15/05/2020 | Libros | Dewey Decimal Classification | Biblioteca Central Lima | Biblioteca Central Lima | 15/05/2020 |